=LDR 00000nam 2200000 4500 =001 INLIS000000000001765 =005 20130612090145 =008 ***********************************Ind** =035 ##$$0010-061300000001765 =041 ##$$a Ind =082 ##$$a 613.192 =090 ##$$a 613.193, Bua p =100 ##$$a Buanajaya,B Sidartanto =245 ##$$a Pernapasan sutra, B.Sidartanto Buanadjaya =260 ##$$a 1994 $b Solo =300 ##$$a 67 hlm, ilus, 21 cm =650 ##$$a Pernapasan, Latihan =850 ##$$a NBPNMAT